Papírové peníze na území Československa 1762-1975 /

Uložené v:
Podrobná bibliografia
Hlavný autor: Sém, Julius, 1907-1976 (Author)
Ďalší autori: Bajer, Jan (Photographer)
Médium: Kniha
Jazyk:Czech
Vydané: Hradec Králové : Česká numismatická společnost, 1977
Vydanie:2. dopln. a rozš. vyd.
ISBN: (viaz.)
Fyzický popis: 186, [1] s. : obr. a fot. + [8] s. farev. fot. príl.
Tagy: Pridať tag
Žiadne tagy, Buďte prvý kto otaguje tento záznam!

MARC

LEADER 00000nam a22000001 4500
001 000140468
005 20100728164526.0
008 951210s1977 xr e cze d
020 |a (viaz.)  |c Kčs 70,00 
040 |a SVKKK  |b slo  |c SVKKK  |e AACR2 
041 0 |a cze  |b rus  |b eng  |b ger 
044 |a xr  |c CZ 
100 1 |a Sém, Julius,  |d 1907-1976  |4 aut 
245 1 0 |a Papírové peníze na území Československa 1762-1975 /  |c Julius Sém ; fot.: Jan Bajer. 
250 |a 2. dopln. a rozš. vyd. 
260 |a Hradec Králové :  |b Česká numismatická společnost,  |c 1977  |f (VČT 02) 
300 |a 186, [1] s. :  |b obr. a fot. +  |e [8] s. farev. fot. príl. 
500 |a Obálka: Vlastimil Novák 
504 |a Prehľ. lit. 
546 |a Res. rus., angl. a nem. 
500 |a Poznámky 
700 1 |a Bajer, Jan  |4 pht 
910 |a svkkk 
998 |a BK 
090 |g SCKHL  |k Sklad Pribinova 1. posch.  |a IV.95052  |j 592338  |i 2720280481  |s Absenčne